La Unesco y la educación en América Latina y el Caribe

Uloženo v:
Podrobná bibliografie
Korporativní autor: Unesco (Autor)
Médium: Kniha
Jazyk:španělština
Vydáno: Santiago Unesco 1998
Témata:
Tagy: Přidat tag
Žádné tagy, Buďte první, kdo vytvoří štítek k tomuto záznamu!

MARC

LEADER 00000nam a2200000 a 4500
001 UCQ5915
003 CL-VaPUC
008 981009e19980000CL |||||||||||||||||spa|d
082 0 4 |a 372.98  |b UNE  |2 21 
110 2 |a Unesco  |e author  |9 419901 
245 1 3 |a La Unesco y la educación en América Latina y el Caribe 
300 |a 138 p 
942 |c BK 
945 |d 19981009 00:00:00  |a mvenant 
260 |a Santiago  |b Unesco  |c 1998 
650 0 |a Educación básica   |9 224933 
650 0 |a Analfabetismo  |9 324360 
650 0 |a Calidad de la educación   |9 307271 
650 0 |a Educación tecnológica  |9 307597 
650 0 |a Democratización de la educación  |9 307986 
650 0 |a Evaluación de la educación   |9 237505 
651 0 |a América Latina   |9 255027 
651 7 |a ISLAS CARIBES  |2 CL-VaPUC  |9 255533 
583 |a last modification  |c 20160914 12:48:10  |k Rodrigo Vera 
999 |c 275993  |d 275991 
952 |0 0  |1 0  |4 0  |6 372_980000000000000_UNE_1998  |7 0  |8 P  |9 313076  |a BIBEDU  |b BIBEDU  |c BIBEDU_PB  |d 2019-11-20  |i 3469247  |o 372.98 UNE 1998  |p 3469247  |r 2024-01-25  |w 2019-11-20  |y BK  |k BME